000
00335nam a2200145Ia 4500
100
_a
Das/Anapurna/ Das/Sisir K
942
_c
BK
654
_a
Microwave engineering
245
_a
Microwave Engineering
260
_b
Tata Mc Graw hill
_a
NewDelhi
_c
2000
082
_a
621.3813
_b
DAS
300
_a
516
546
_a
ENGLISH
999
_c
31613
_d
31613